The revolutions of 1848

Uloženo v:
Podrobná bibliografie
Hlavní autor: Marx, Karl
Médium: Kniha
Jazyk:Undetermined
Vydáno: London New Left Review 1973
Témata:
Tagy: Přidat tag
Žádné tagy, Buďte první, kdo otaguje tento záznam!
Thư viện lưu trữ: Trung tâm Học liệu Trường Đại học Cần Thơ
LEADER 00495nam a2200205Ia 4500
001 CTU_91190
008 210402s9999 xx 000 0 und d
082 |a 335.4 
082 |b M392 
100 |a Marx, Karl 
245 4 |a The revolutions of 1848 
245 0 |c Karl Marx 
260 |a London 
260 |b New Left Review 
260 |c 1973 
650 |a Europe 
650 |x History 
650 |y 1848-1849 
904 |i Tuyến 
980 |a Trung tâm Học liệu Trường Đại học Cần Thơ